Alle Titel die Robert Lewandowski gewinnen konnte - Statistiken

Allgemein
  • Dieses Quiz wurde 117 mal gespielt
  • Das Durchschnittsergebnis liegt bei 19 aus 28
Antwortstatistiken
Saison/Jahr Verein Erfolg % Korrekt
2019/2020 FC Bayern München UEFA Champions League
95%
2021/2022 FC Bayern München Deutscher Meister
93%
2020/2021 FC Bayern München Deutscher Meister
93%
2019/2020 FC Bayern München Deutscher Meister
93%
2018/2019 FC Bayern München Deutscher Meister
93%
2017/2018 FC Bayern München Deutscher Meister
93%
2016/2017 FC Bayern München Deutscher Meister
93%
2015/2016 FC Bayern München Deutscher Meister
93%
2014/2015 FC Bayern München Deutscher Meister
93%
2011/2012 Borussia Dortmund Deutscher Meister
93%
2010/2011 Borussia Dortmund Deutscher Meister
93%
2018/2019 FC Bayern München Deutscher Pokal
92%
2015/2016 FC Bayern München Deutscher Pokal
92%
2019/2020 FC Bayern München Deutscher Pokalsieger
66%
2011/2012 Borussia Dortmund Deutscher Pokalsieger
66%
2021/2022 FC Bayern München Deutscher Superpokal
66%
2020/2021 FC Bayern München Deutscher Superpokal
66%
2018/2019 FC Bayern München Deutscher Superpokal
66%
2017/2018 FC Bayern München Deutscher Superpokal
66%
2016/2017 FC Bayern München Deutscher Superpokal
66%
2013/2014 Borussia Dortmund Deutscher Superpokal
66%
2020/2021 FC Bayern München UEFA Supercup
60%
2021 FC Bayern München FIFA Klub WM
28%
2021 FC Bayern München Weltfußballer
18%
2020 FC Bayern München Weltfußballer
18%
2009/2010 Lech Posen Polnischer Meister
13%
2008/2009 Lech Posen Polnischer Pokal
5%
2009/2010 Lech Posen Polnischer Superpokal
2%
Keine übereinstimmenden Quizze gefunden
Verteilung der Resultate
Anzahl Personen mit jedem Resultat
Perzentil nach korrekt beantworteten Fragen
Ihre Resultats-Entwicklung
Sie haben dieses Quiz noch nicht gespielt